| 000 | 00587nam a2200169Ia 4500 | ||
|---|---|---|---|
| 005 | 20250424120326.0 | ||
| 008 | 250424s9999 xx 000 0 und d | ||
| 022 | _a1597653x | ||
| 050 | _aHD 1021.A1 .E88/ | ||
| 245 | 4 | _aThe estate surveyor and valuer : journal of the Nigerian Institution of Estate Surveyors and Valuers. | |
| 260 | _aAbuja, Nigeria | ||
| 260 | _bNigerian Institution of Estate Surveyors and Valuers. | ||
| 260 | _c2018 | ||
| 300 | _a107 p. :ill. ; 29 cm. | ||
| 650 | _aLand use--Nigeria--Periodicals. Real estate management--Nigeria--Periodicals. | ||
| 942 | _cSR | ||
| 999 |
_c38673 _d38673 |
||